Handball: Pays Champions du Monde (Hommes et Femmes) - Statistiques

Statistiques générales
  • Ce quiz a été pris 241 fois
  • Le résultat moyen est 13 sur 16
Statistiques - réponses
Réponse % Correct
France
100%
Norvège
95%
Suède
95%
Allemagne
94%
Allemagne de l'Est
94%
Danemark
93%
Espagne
90%
URSS
87%
Russie
85%
Croatie
75%
Yougoslavie
71%
Roumanie
70%
Hongrie
69%
Tchécoslovaquie
58%
Brésil
55%
Corée du Sud
36%
Aucun quiz correspondant
Distribution des résultats
% des personnes avec chaque résultat
Percentile par nombre de réponses
Votre historique - résultats
Vous n’avez pas pris ce quiz